LIBRARY & INFORMATION CENTRE, KCAET, TAVANUR

ONLINE PUBLIC ACCESS CATALOGUE (OPAC)

Hindi Ke Avarchin Ratna / (Record no. 3727)

MARC details
000 -LEADER
fixed length control field 00391cam a2200157ua 4500
041 ## - LANGUAGE CODE
Language code of text/sound track or separate title hin
082 ## - DEWEY DECIMAL CLASSIFICATION NUMBER
Classification number 891.54
Item number VIT/HI
100 ## - MAIN ENTRY--AUTHOR NAME
Personal name Vimal Kumar, Jain .
245 ## - TITLE STATEMENT
Title Hindi Ke Avarchin Ratna /
250 ## - EDITION STATEMENT
Edition statement 1 /
260 ## - PUBLICATION, DISTRIBUTION, ETC. (IMPRINT)
Place of publication :
Name of publisher National Publishing House ,
Year of publication 1956.
300 ## - PHYSICAL DESCRIPTION
Number of Pages 304 ; .
942 ## - ADDED ENTRY ELEMENTS (KOHA)
Koha item type Books
Holdings
Withdrawn status Lost status Damaged status Home library Current library Date acquired Full call number Accession Number Koha item type
Withdrawn     KAUAET Sanskrit University 07/04/2012 891.54 4973 Books
free website counter